[Event "Pilsen Region-chT 2223"]
[Site "Czech Republic"]
[Date "2023.01.29"]
[Round "7.2"]
[White "Vachal, Josef"]
[Black "Pelikan, David"]
[Result "0-1"]
[WhiteElo "2084"]
[BlackElo "1974"]
[PlyCount "64"]
[EventDate "2022.10.09"]
[EventType "team-tourn"]
[EventRounds "11"]
[EventCountry "CZE"]
[SourceTitle "EXT 2024"]
[Source "ChessBase"]
[SourceDate "2023.10.10"]
[SourceVersion "1"]
[SourceVersionDate "2023.10.10"]
[SourceQuality "1"]
[WhiteTeam "Kozolupy Sakal"]
[BlackTeam "Petrin"]
[WhiteTeamCountry "CZE"]
[BlackTeamCountry "CZE"]

1. e4 c5 2. c3 d5 3. exd5 Qxd5 4. d4 Nc6 5. Nf3 Bg4 6. Be2 Nf6 7. h3 Bd7 8. c4 Qd6 9. d5 Ne5 10. Nxe5 Qxe5 11. Nc3 e6 12. Be3 exd5 13. cxd5 Bd6 14. Nb5 0-0 15. Nxd6 Qxd6 16. Bf3 Bb5 17. Qb3 Ba6 18. 0-0-0 b5 19. g3 Nd7 20. Bf4 Qf6 21. d6 Rab8 22. Qd5 Bb7 23. Qxb7 Rxb7 24. Bxb7 c4 25. Rd5 b4 26. Re1 Nb6 27. Rdd1 c3 28. Be5 Qxf2 29. bxc3 Qxa2 30. cxb4 Qa3+ 31. Bb2 Qxb4 32. d7 Nxd7 0-1

[Event "Pilsen Region-chT 2223"]
[Site "Czech Republic"]
[Date "2022.10.30"]
[Round "2.2"]
[White "Svoboda, Milos"]
[Black "Vachal, Josef"]
[Result "0-1"]
[WhiteElo "2095"]
[BlackElo "2084"]
[PlyCount "120"]
[EventDate "2022.10.09"]
[EventType "team-tourn"]
[EventRounds "11"]
[EventCountry "CZE"]
[SourceTitle "EXT 2024"]
[Source "ChessBase"]
[SourceDate "2023.10.10"]
[SourceVersion "1"]
[SourceVersionDate "2023.10.10"]
[SourceQuality "1"]
[WhiteTeam "Plzen Letna"]
[BlackTeam "Kozolupy Sakal"]
[WhiteTeamCountry "CZE"]
[BlackTeamCountry "CZE"]

1. d4 Nf6 2. c4 e6 3. Nc3 d5 4. g3 Be7 5. Bg2 0-0 6. Qb3 c6 7. Nf3 Nbd7 8. Bf4 Qb6 9. 0-0 dxc4 10. Qxc4 Qxb2 11. a4 Qb4 12. Qd3 Qa5 13. e4 Nh5 14. Bd2 Qd8 15. e5 f5 16. a5 Nc5 17. Qc2 Na6 18. Rfb1 Rb8 19. Na4 Bd7 20. Rb2 b6 21. axb6 axb6 22. Ne1 c5 23. Bf1 Nb4 24. Bxb4 cxb4 25. Qb3 Ra8 26. Rba2 Ra5 27. Nb2 Qa8 28. Nc4 Rxa2 29. Rxa2 Qe4 30. Nf3 Qd5 31. Ra7 b5 32. Ncd2 Qxb3 33. Nxb3 Rd8 34. Bxb5 Bxb5 35. Rxe7 Bc4 36. Nfd2 Bd5 37. Ra7 g5 38. Ra4 Rb8 39. f3 Ng7 40. Kf2 Ne8 41. Ke3 Nc7 42. Kd3 Rb6 43. h3 h6 44. Ra7 Na6 45. Kc2 h5 46. h4 f4 47. gxf4 Rc6+ 48. Kd1 gxh4 49. Ke2 Nc7 50. Nc5 Nb5 51. Ra1 Nxd4+ 52. Kd3 Nxf3 53. Nde4 Bxe4+ 54. Nxe4 h3 55. Ke3 Nh4 56. Nf6+ Kf7 57. Nxh5 Nf5+ 58. Kf3 Rc3+ 59. Kg4 Kg6 60. Rh1 b3 0-1

[Event "Pilsen Region-chT 2223"]
[Site "Czech Republic"]
[Date "2022.10.09"]
[Round "1.1"]
[White "Cisler, Petr"]
[Black "Vachal, Josef"]
[Result "1/2-1/2"]
[WhiteElo "2129"]
[BlackElo "2084"]
[PlyCount "21"]
[EventDate "2022.10.09"]
[EventType "team-tourn"]
[EventRounds "11"]
[EventCountry "CZE"]
[SourceTitle "EXT 2024"]
[Source "ChessBase"]
[SourceDate "2023.10.10"]
[SourceVersion "1"]
[SourceVersionDate "2023.10.10"]
[SourceQuality "1"]
[WhiteTeam "Domazlice"]
[BlackTeam "Kozolupy Sakal"]
[WhiteTeamCountry "CZE"]
[BlackTeamCountry "CZE"]

1. e4 c6 2. d4 d5 3. exd5 cxd5 4. Bd3 Nf6 5. Ne2 e6 6. Bf4 Nc6 7. c3 Nh5 8. Be5 Nf6 9. Bf4 Nh5 10. Be5 Nf6 11. Bf4 1/2-1/2

[Event "Klatovy op-B 23rd"]
[Site "Klatovy"]
[Date "2017.07.07"]
[Round "7"]
[White "Hartmann, Andreas"]
[Black "Vachal, Josef"]
[Result "1-0"]
[WhiteElo "1685"]
[BlackElo "1872"]
[PlyCount "81"]
[EventDate "2017.07.01"]
[EventType "swiss"]
[EventRounds "9"]
[EventCountry "CZE"]
[SourceTitle "EXT 2018"]
[Source "ChessBase"]
[SourceDate "2017.10.13"]
[SourceVersion "1"]
[SourceVersionDate "2017.10.13"]
[SourceQuality "1"]

1. c4 Nf6 2. Nc3 e6 3. e4 d5 4. cxd5 exd5 5. e5 d4 6. exf6 dxc3 7. Qe2+ Be6 8. Qb5+ Nd7 9. dxc3 Qxf6 10. Nf3 h6 11. Be3 Bd6 12. Bd3 0-0 13. 0-0 a6 14. Qxb7 Qe7 15. Qe4 f5 16. Qh4 Qxh4 17. Nxh4 f4 18. Bd2 Ne5 19. Be4 Rab8 20. b3 Rf6 21. Nf3 Nf7 22. c4 Ng5 23. Nxg5 hxg5 24. Bc3 Rh6 25. Rfd1 g4 26. Bd5 Re8 27. Re1 Kf7 28. Rxe6 Rhxe6 29. Re1 g6 30. f3 gxf3 31. gxf3 c6 32. Bxe6+ Rxe6 33. Rxe6 Kxe6 34. Kf2 Bc5+ 35. Ke2 Kf5 36. Ba5 Bg1 37. h3 Bd4 38. Kd3 Bf6 39. Bc7 Bb2 40. h4 Bf6 41. a4 1-0

[Event "Klatovy op-B 23rd"]
[Site "Klatovy"]
[Date "2017.07.03"]
[Round "3"]
[White "Vasko, Pavel"]
[Black "Vachal, Josef"]
[Result "1/2-1/2"]
[WhiteElo "1578"]
[BlackElo "1872"]
[PlyCount "80"]
[EventDate "2017.07.01"]
[EventType "swiss"]
[EventRounds "9"]
[EventCountry "CZE"]
[SourceTitle "EXT 2018"]
[Source "ChessBase"]
[SourceDate "2017.10.13"]
[SourceVersion "1"]
[SourceVersionDate "2017.10.13"]
[SourceQuality "1"]

1. e4 c5 2. Nf3 Nc6 3. d4 cxd4 4. Nxd4 Nf6 5. Nc3 e5 6. Nxc6 bxc6 7. Bd3 Be7 8. 0-0 0-0 9. b3 d5 10. Bb2 Qc7 11. Qe2 Bd7 12. Rac1 Bd6 13. Nb1 Qa5 14. a4 Rfe8 15. Nd2 Rab8 16. Ba1 Ba3 17. Rb1 Bb4 18. Nf3 d4 19. Bb2 Qc5 20. Nd2 Bg4 21. f3 Be6 22. Kh1 Nd7 23. Nc4 Nb6 24. Nxb6 Rxb6 25. Bc1 Qa5 26. f4 exf4 27. Bxf4 Qc5 28. Bg3 Qg5 29. Rbd1 Bg4 30. Qf2 Rf8 31. Rb1 c5 32. Bf4 Qh5 33. Bd2 Bxd2 34. Qxd2 Rh6 35. g3 Qe5 36. Qf4 Qh5 37. Rf2 Rf6 38. Qd2 Rf3 39. Rxf3 Bxf3+ 40. Kg1 Re8 1/2-1/2

[Event "Klatovy op-B 23rd"]
[Site "Klatovy"]
[Date "2017.07.02"]
[Round "2"]
[White "Vachal, Josef"]
[Black "Schille, Hannes"]
[Result "0-1"]
[WhiteElo "1872"]
[BlackElo "1690"]
[PlyCount "120"]
[EventDate "2017.07.01"]
[EventType "swiss"]
[EventRounds "9"]
[EventCountry "CZE"]
[SourceTitle "EXT 2018"]
[Source "ChessBase"]
[SourceDate "2017.10.13"]
[SourceVersion "1"]
[SourceVersionDate "2017.10.13"]
[SourceQuality "1"]

1. e4 c5 2. Nf3 Nc6 3. d4 cxd4 4. Nxd4 e6 5. Be3 Nf6 6. f3 a6 7. Nc3 d5 8. exd5 exd5 9. Qd2 Be7 10. 0-0-0 0-0 11. h4 Be6 12. g4 Bb4 13. a3 Bxc3 14. Qxc3 Rc8 15. Qd2 Qa5 16. h5 Qxd2+ 17. Rxd2 Rfe8 18. Bf4 Bxg4 19. fxg4 Re1+ 20. Rd1 Rxd1+ 21. Kxd1 Nxd4 22. Bh3 Ne4 23. Rh2 Nf3 24. Rg2 Re8 25. c3 d4 26. cxd4 Nxd4 27. g5 Nf3 28. g6 hxg6 29. hxg6 Rd8+ 30. Kc1 Ne1 31. gxf7+ Kxf7 32. Bc7 Rd5 33. Re2 Nd3+ 34. Kb1 Ng5 35. Bg2 Rd7 36. Ba5 Nf4 37. Rf2 Nge6 38. Bh3 Rd4 39. Bb6 Re4 40. Bg2 Re1+ 41. Ka2 Ke7 42. Bxb7 Nd3 43. Rg2 Nc1+ 44. Kb1 Ne2+ 45. Kc2 N2f4 46. Rd2 g5 47. Bxa6 g4 48. Bf2 Re5 49. Bh4+ Ke8 50. b4 Nd5 51. Bb5+ Kf7 52. Rf2+ Nef4 53. Bc4 Kg6 54. Bxd5 Nxd5 55. Bg3 Re3 56. Bd6 Rxa3 57. b5 Ra2+ 58. Kd3 Rxf2 59. Kd4 Rd2+ 60. Kc5 Kf5 0-1

[Event "Klatovy op-B 22nd"]
[Site "Klatovy"]
[Date "2016.07.09"]
[Round "8"]
[White "Novotny, David"]
[Black "Vachal, Josef"]
[Result "1/2-1/2"]
[WhiteElo "1758"]
[BlackElo "1957"]
[PlyCount "103"]
[EventDate "2016.07.02"]
[EventType "swiss"]
[EventRounds "9"]
[EventCountry "CZE"]
[SourceTitle "EXT 2019"]
[Source "ChessBase"]
[SourceDate "2018.10.10"]
[SourceVersion "1"]
[SourceVersionDate "2018.10.10"]
[SourceQuality "1"]

1. d4 Nf6 2. c4 c5 3. d5 d6 4. Nc3 g6 5. b3 Bg7 6. Bb2 Qa5 7. Qd2 Ne4 8. Nxe4 Qxd2+ 9. Nxd2 Bxb2 10. Rd1 0-0 11. e4 a5 12. a4 Na6 13. Bd3 Nb4 14. Bb1 f5 15. Ne2 fxe4 16. Nxe4 Bg4 17. h3 Bd7 18. N4c3 Bf5 19. 0-0 Bxb1 20. Rxb1 Bxc3 21. Nxc3 Rf7 22. Rfe1 Nc2 23. Re4 Nd4 24. Ne2 Nxe2+ 25. Rxe2 Kf8 26. Rbe1 Ke8 27. Re6 Kd7 28. R1e2 Re8 29. h4 Rf6 30. h5 Rxe6 31. Rxe6 Rg8 32. Kh2 Ke8 33. hxg6 hxg6 34. Kg3 Kf7 35. Kf4 Rh8 36. Re3 Rh2 37. Rg3 Rh5 38. Re3 Rf5+ 39. Kg3 Rh5 40. Rf3+ Kg7 41. Kf4 Rh2 42. g4 Rg2 43. Kg5 Rh2 44. Re3 Kf7 45. f4 Rh1 46. Rg3 Rh2 47. Rd3 Rh1 48. Rg3 Rh2 49. Rf3 Rh1 50. f5 gxf5 51. Kxf5 Re1 52. Rh3 1/2-1/2

[Event "Klatovy op-B 22nd"]
[Site "Klatovy"]
[Date "2016.07.08"]
[Round "7"]
[White "Vachal, Josef"]
[Black "Pravda, Krystof"]
[Result "1-0"]
[WhiteElo "1957"]
[BlackElo "1669"]
[PlyCount "35"]
[EventDate "2016.07.02"]
[EventType "swiss"]
[EventRounds "9"]
[EventCountry "CZE"]
[SourceTitle "EXT 2019"]
[Source "ChessBase"]
[SourceDate "2018.10.10"]
[SourceVersion "1"]
[SourceVersionDate "2018.10.10"]
[SourceQuality "1"]

1. Nf3 Nc6 2. b3 e5 3. d3 g6 4. Bb2 Bg7 5. c4 Nge7 6. g3 d5 7. cxd5 Nxd5 8. Bg2 0-0 9. 0-0 f5 10. Nbd2 f4 11. Nc4 Re8 12. Rc1 b5 13. Ncd2 Bb7 14. Ne4 fxg3 15. hxg3 Bh6 16. Rc5 a6 17. Qa1 Bf8 18. Rxd5 1-0

[Event "Klatovy op-B 22nd"]
[Site "Klatovy"]
[Date "2016.07.02"]
[Round "1"]
[White "Sedlacek, Pavel"]
[Black "Vachal, Josef"]
[Result "1/2-1/2"]
[WhiteElo "1612"]
[BlackElo "1957"]
[PlyCount "77"]
[EventDate "2016.07.02"]
[EventType "swiss"]
[EventRounds "9"]
[EventCountry "CZE"]
[SourceTitle "EXT 2019"]
[Source "ChessBase"]
[SourceDate "2018.10.10"]
[SourceVersion "1"]
[SourceVersionDate "2018.10.10"]
[SourceQuality "1"]

1. c4 Nf6 2. Nc3 g6 3. g3 Bg7 4. Bg2 0-0 5. Nf3 Re8 6. 0-0 e5 7. e4 d6 8. d3 h6 9. Bd2 c6 10. Re1 Be6 11. Rc1 Na6 12. Qe2 Qd7 13. a3 Bg4 14. b4 Nc7 15. Qd1 Rad8 16. Be3 b6 17. Qc2 Ne6 18. Ne2 Nh7 19. Qd2 g5 20. d4 exd4 21. Nfxd4 Nxd4 22. Bxd4 Nf6 23. Nc3 Qe6 24. f3 Bh3 25. Qe2 Bxg2 26. Kxg2 d5 27. exd5 cxd5 28. cxd5 Qxe2+ 29. Rxe2 Rxe2+ 30. Nxe2 Nxd5 31. Bxg7 Kxg7 32. Kf2 Rd7 33. Rd1 Nf6 34. Rxd7 Nxd7 35. b5 Nc5 36. Nd4 a6 37. bxa6 Nxa6 38. Nb3 Kf6 39. Ke3 1/2-1/2

[Event "CZE-chT2A 1415"]
[Site "Czech Republic"]
[Date "2015.01.11"]
[Round "5.7"]
[White "Sova, Ondrej"]
[Black "Vachal, Josef"]
[Result "0-1"]
[WhiteElo "1906"]
[BlackElo "2134"]
[PlyCount "86"]
[EventDate "2014.11.02"]
[EventType "team-tourn"]
[EventRounds "11"]
[EventCountry "CZE"]
[SourceTitle "EXT 2022"]
[Source "ChessBase"]
[SourceDate "2021.10.06"]
[SourceVersion "1"]
[SourceVersionDate "2021.10.06"]
[SourceQuality "1"]
[WhiteTeam "Praha Dopravni podnik"]
[BlackTeam "Kozolupy"]
[WhiteTeamCountry "CZE"]
[BlackTeamCountry "CZE"]

1. Nf3 Nf6 2. d4 d5 3. Bf4 e6 4. e3 Bd6 5. Bxd6 Qxd6 6. c4 b6 7. Nc3 a6 8. Rc1 Nbd7 9. cxd5 exd5 10. Bd3 0-0 11. 0-0 Bb7 12. Bf5 c5 13. a3 c4 14. Qc2 b5 15. Rfe1 Bc6 16. e4 dxe4 17. Nxe4 Nxe4 18. Bxe4 Bxe4 19. Qxe4 Nf6 20. Qf5 Rfe8 21. h3 Qd7 22. Qf4 Nd5 23. Qg3 Rac8 24. Kf1 Qf5 25. Qd6 Nf4 26. Rxe8+ Rxe8 27. Re1 Rxe1+ 28. Nxe1 h6 29. Qxa6 Qe4 30. Qa5 Qe2+ 31. Kg1 Nd3 32. Nf3 Qxf2+ 33. Kh2 Qxb2 34. Qa8+ Kh7 35. Qe4+ g6 36. Qe7 Kg7 37. Qe4 Qxa3 38. Ne5 Qd6 39. Kg1 Nxe5 40. dxe5 Qc5+ 41. Kh1 c3 42. Qe1 c2 43. Qc1 Qc3 0-1

[Event "CZE-chT2A 1314"]
[Site "Czech Republic"]
[Date "2014.04.06"]
[Round "11.5"]
[White "Chloupek, Jaroslav"]
[Black "Vachal, Josef"]
[Result "1/2-1/2"]
[WhiteElo "1841"]
[BlackElo "2170"]
[PlyCount "45"]
[EventDate "2013.11.03"]
[EventType "team-tourn"]
[EventRounds "11"]
[EventCountry "CZE"]
[SourceTitle "EXT 2015"]
[Source "ChessBase"]
[SourceDate "2014.11.20"]
[SourceVersion "1"]
[SourceVersionDate "2014.11.20"]
[SourceQuality "1"]
[WhiteTeam "Domazlice"]
[BlackTeam "Kozolupy"]
[WhiteTeamCountry "CZE"]
[BlackTeamCountry "CZE"]

1. c4 e5 2. Nc3 Nc6 3. Nf3 g6 4. g3 Bg7 5. Bg2 d6 6. 0-0 Nge7 7. d3 h6 8. Rb1 Be6 9. Bd2 0-0 10. b4 Qd7 11. Re1 f5 12. e3 e4 13. b5 Ne5 14. Nxe5 dxe5 15. dxe4 Rad8 16. Rb2 f4 17. Nd5 c6 18. Nxe7+ Qxe7 19. bxc6 fxg3 20. hxg3 bxc6 21. Qa4 c5 22. Reb1 Rd7 23. Qa6 1/2-1/2

[Event "CZE-chT2A 1314"]
[Site "Czech Republic"]
[Date "2014.01.05"]
[Round "5.7"]
[White "Markovic, Milan2"]
[Black "Vachal, Josef"]
[Result "1-0"]
[WhiteElo "2136"]
[BlackElo "2170"]
[PlyCount "41"]
[EventDate "2013.11.03"]
[EventType "team-tourn"]
[EventRounds "11"]
[EventCountry "CZE"]
[SourceTitle "EXT 2015"]
[Source "ChessBase"]
[SourceDate "2014.11.20"]
[SourceVersion "1"]
[SourceVersionDate "2014.11.20"]
[SourceQuality "1"]
[WhiteTeam "Praha Vrsovice"]
[BlackTeam "Kozolupy"]
[WhiteTeamCountry "CZE"]
[BlackTeamCountry "CZE"]

1. e4 c5 2. Nf3 d6 3. d4 cxd4 4. Nxd4 Nf6 5. Nc3 a6 6. Bg5 e6 7. f4 Qb6 8. Qd2 Nc6 9. Bxf6 gxf6 10. Nb3 Bd7 11. 0-0-0 Qc7 12. Be2 Na5 13. Kb1 Nxb3 14. cxb3 Qa5 15. Rhf1 0-0-0 16. Qd4 Be7 17. Rc1 Kb8 18. b4 e5 19. Qc4 d5 20. Nxd5 Bxb4 21. Qxb4 1-0

[Event "CZE-chT2A 1314"]
[Site "Czech Republic"]
[Date "2013.11.17"]
[Round "2.6"]
[White "Misicko, Jan"]
[Black "Vachal, Josef"]
[Result "1/2-1/2"]
[WhiteElo "2064"]
[BlackElo "2170"]
[PlyCount "37"]
[EventDate "2013.11.03"]
[EventType "team-tourn"]
[EventRounds "11"]
[EventCountry "CZE"]
[SourceTitle "EXT 2015"]
[Source "ChessBase"]
[SourceDate "2014.11.20"]
[SourceVersion "1"]
[SourceVersionDate "2014.11.20"]
[SourceQuality "1"]
[WhiteTeam "Kladno"]
[BlackTeam "Kozolupy"]
[WhiteTeamCountry "CZE"]
[BlackTeamCountry "CZE"]

1. c4 Nf6 2. g3 e5 3. Bg2 g6 4. Nc3 Bg7 5. e4 d6 6. Nge2 Be6 7. 0-0 0-0 8. d3 Qd7 9. Nd5 Nxd5 10. cxd5 Bh3 11. Be3 c6 12. dxc6 Nxc6 13. d4 Bxg2 14. Kxg2 exd4 15. Nxd4 d5 16. Nxc6 bxc6 17. exd5 Bxb2 18. Rb1 Be5 19. dxc6 1/2-1/2

[Event "Klatovy op-B"]
[Site "Klatovy"]
[Date "2013.07.07"]
[Round "9"]
[White "Novotny, David"]
[Black "Vachal, Josef"]
[Result "1-0"]
[WhiteElo "1750"]
[BlackElo "1935"]
[PlyCount "95"]
[EventDate "2013.06.29"]
[EventType "swiss"]
[EventRounds "9"]
[EventCountry "CZE"]
[SourceTitle "EXT 2014"]
[Source "ChessBase"]
[SourceDate "2013.11.20"]
[SourceVersion "1"]
[SourceVersionDate "2013.11.20"]
[SourceQuality "1"]

1. d4 Nf6 2. c4 g6 3. g3 c5 4. Nf3 Bg7 5. Bg2 0-0 6. 0-0 d6 7. Nc3 a6 8. Qc2 Bg4 9. dxc5 dxc5 10. Ne5 Bc8 11. Be3 Nbd7 12. Rfd1 Qc7 13. Nxd7 Bxd7 14. Nd5 Nxd5 15. Rxd5 b6 16. Rad1 Bc6 17. R5d3 Bxg2 18. Kxg2 Rad8 19. b3 Rxd3 20. Qxd3 Qc6+ 21. Qd5 Qxd5+ 22. Rxd5 e5 23. b4 cxb4 24. Bxb6 Rc8 25. Rd8+ Rxd8 26. Bxd8 Bf8 27. Kf1 e4 28. Bb6 f5 29. Ke1 Kf7 30. Kd2 Ke6 31. Kc2 Ke5 32. e3 g5 33. Kb3 Bd6 34. Ba5 Bc5 35. Bxb4 Kd6 36. h4 gxh4 37. gxh4 h5 38. Bxc5+ Kxc5 39. Kc3 Kc6 40. Kd4 a5 41. a4 Kd6 42. c5+ Kd7 43. Ke5 Kc6 44. Kxf5 Kxc5 45. Kxe4 Kb4 46. f4 Kxa4 47. f5 Kb3 48. f6 1-0

[Event "Klatovy op-B"]
[Site "Klatovy"]
[Date "2013.07.02"]
[Round "4"]
[White "Lener, Jaroslav"]
[Black "Vachal, Josef"]
[Result "0-1"]
[WhiteElo "1760"]
[BlackElo "1935"]
[PlyCount "70"]
[EventDate "2013.06.29"]
[EventType "swiss"]
[EventRounds "9"]
[EventCountry "CZE"]
[SourceTitle "EXT 2014"]
[Source "ChessBase"]
[SourceDate "2013.11.20"]
[SourceVersion "1"]
[SourceVersionDate "2013.11.20"]
[SourceQuality "1"]

1. Nf3 Nf6 2. c4 c5 3. g3 b6 4. Bg2 Bb7 5. 0-0 g6 6. b3 Bg7 7. Bb2 0-0 8. d4 cxd4 9. Bxd4 Nc6 10. Bb2 Re8 11. Nc3 Ne4 12. Qc1 Nxc3 13. Bxc3 e5 14. Qb2 Qc7 15. Rad1 Rad8 16. Ng5 Nd4 17. Ne4 d5 18. cxd5 Bxd5 19. e3 Bxe4 20. exd4 Bxg2 21. Kxg2 Qc6+ 22. Kg1 Qf3 23. Rd2 Rc8 24. Rc2 exd4 25. Bb4 Rcd8 26. Qc1 a5 27. Bd2 d3 28. Rc4 Bd4 29. Bc3 Bxc3 30. Qxc3 Qe2 31. Qf6 d2 32. Rd4 Rxd4 33. Qxd4 Qxf1+ 34. Kxf1 Re1+ 35. Kg2 d1Q 0-1

[Event "Klatovy op-B"]
[Site "Klatovy"]
[Date "2013.07.01"]
[Round "3"]
[White "Vachal, Josef"]
[Black "Steinbauer, Filip"]
[Result "1-0"]
[WhiteElo "1935"]
[BlackElo "1464"]
[PlyCount "71"]
[EventDate "2013.06.29"]
[EventType "swiss"]
[EventRounds "9"]
[EventCountry "CZE"]
[SourceTitle "EXT 2014"]
[Source "ChessBase"]
[SourceDate "2013.11.20"]
[SourceVersion "1"]
[SourceVersionDate "2013.11.20"]
[SourceQuality "1"]

1. d4 Nf6 2. Nf3 g6 3. g3 Bg7 4. Bg2 0-0 5. c4 d6 6. Nc3 Nc6 7. e4 e5 8. d5 Ne7 9. 0-0 c6 10. b4 Qb6 11. Rb1 cxd5 12. cxd5 Bd7 13. Be3 Qa6 14. Qb3 Bb5 15. Nxb5 Qxb5 16. a4 Qd7 17. Ne1 b6 18. Nd3 Rac8 19. b5 Rc7 20. Nb4 Ne8 21. Nc6 f5 22. Bh3 Nxc6 23. bxc6 Qd8 24. exf5 gxf5 25. Qb4 f4 26. gxf4 Qh4 27. Be6+ Kh8 28. fxe5 Qh5 29. f4 Bh6 30. exd6 Rg7+ 31. Kh1 Qe2 32. Qd2 Qc4 33. Bd4 Rf6 34. d7 Rxe6 35. Bxg7+ Bxg7 36. dxe6 1-0

[Event "Klatovy op-B"]
[Site "Klatovy"]
[Date "2013.06.30"]
[Round "2"]
[White "Foucek, Simon"]
[Black "Vachal, Josef"]
[Result "1/2-1/2"]
[WhiteElo "1615"]
[BlackElo "1935"]
[PlyCount "87"]
[EventDate "2013.06.29"]
[EventType "swiss"]
[EventRounds "9"]
[EventCountry "CZE"]
[SourceTitle "EXT 2014"]
[Source "ChessBase"]
[SourceDate "2013.11.20"]
[SourceVersion "1"]
[SourceVersionDate "2013.11.20"]
[SourceQuality "1"]

1. e4 c5 2. c3 Nc6 3. d4 cxd4 4. cxd4 e6 5. Nf3 Nf6 6. e5 Nd5 7. Nc3 Nb6 8. Be2 a6 9. 0-0 Be7 10. Be3 d5 11. Na4 0-0 12. a3 Nd7 13. Rc1 f6 14. exf6 Nxf6 15. b4 Bd6 16. Nc5 Ne7 17. Ng5 Bxc5 18. Rxc5 h6 19. Nf3 Ne4 20. Rc1 Bd7 21. Ne5 Rc8 22. Bd3 Rxc1 23. Qxc1 Be8 24. f3 Nd6 25. Qc5 Nef5 26. Bf2 b6 27. Qc2 b5 28. Rd1 Nc4 29. Nxc4 bxc4 30. Bxf5 Rxf5 31. Re1 Qf6 32. Qc3 Bg6 33. Bg3 h5 34. Re5 Rxe5 35. Bxe5 Qf5 36. Kf2 Qb1 37. Bf4 Bd3 38. Bc1 Kf7 39. Qb2 Qc2+ 40. Qxc2 Bxc2 41. Bb2 Kf6 42. Ke3 Kf5 43. h4 g5 44. g3 1/2-1/2

[Event "Klatovy op-B"]
[Site "Klatovy"]
[Date "2013.06.29"]
[Round "1"]
[White "Vachal, Josef"]
[Black "Zak, Jiri"]
[Result "1-0"]
[WhiteElo "1935"]
[BlackElo "1720"]
[PlyCount "31"]
[EventDate "2013.06.29"]
[EventType "swiss"]
[EventRounds "9"]
[EventCountry "CZE"]
[SourceTitle "EXT 2014"]
[Source "ChessBase"]
[SourceDate "2013.11.20"]
[SourceVersion "1"]
[SourceVersionDate "2013.11.20"]
[SourceQuality "1"]

1. e4 c5 2. Nf3 d6 3. d4 cxd4 4. Nxd4 Nf6 5. Nc3 Nc6 6. Bc4 a6 7. Nxc6 bxc6 8. e5 Ng4 9. exd6 exd6 10. Bf4 Be7 11. Qf3 Qd7 12. 0-0-0 0-0 13. Rhe1 Rd8 14. Bxd6 Bxd6 15. Rxd6 Qxd6 16. Qxf7+ 1-0

[Event "CZE-chT2A 1213"]
[Site "Czech Republic"]
[Date "2013.01.20"]
[Round "7.5"]
[White "Toman, Jan"]
[Black "Vachal, Josef"]
[Result "1-0"]
[WhiteElo "2104"]
[BlackElo "2178"]
[PlyCount "89"]
[EventDate "2012.10.14"]
[EventType "team-tourn"]
[EventRounds "11"]
[EventCountry "CZE"]
[SourceTitle "EXT 2015"]
[Source "ChessBase"]
[SourceDate "2014.11.20"]
[SourceVersion "1"]
[SourceVersionDate "2014.11.20"]
[SourceQuality "1"]
[WhiteTeam "Tachov"]
[BlackTeam "Kozolupy"]
[WhiteTeamCountry "CZE"]
[BlackTeamCountry "CZE"]

1. d4 Nf6 2. Nf3 d5 3. c4 e6 4. Nc3 Be7 5. Bg5 Nbd7 6. e3 0-0 7. Bd3 b6 8. cxd5 exd5 9. 0-0 Bb7 10. Qc2 c5 11. Ne5 h6 12. Bh4 a6 13. f4 cxd4 14. exd4 b5 15. a3 Nb6 16. Rae1 Rc8 17. Qe2 Rc7 18. Bb1 Ne4 19. Bxe7 Qxe7 20. Nxd5 Bxd5 21. Bxe4 Bxe4 22. Qxe4 Re8 23. Qf5 Qe6 24. Qxe6 Rxe6 25. Rc1 Rxc1 26. Rxc1 Rd6 27. Rc6 Rxc6 28. Nxc6 Nc4 29. b3 Nd2 30. b4 Nc4 31. Kf2 Kf8 32. Kf3 f5 33. g4 g6 34. Ne5 Nxa3 35. Nxg6+ Ke8 36. g5 h5 37. Ne5 Nc2 38. Nc6 Kd7 39. d5 a5 40. bxa5 b4 41. a6 b3 42. a7 Nd4+ 43. Nxd4 b2 44. a8Q b1Q 45. Qc6+ 1-0

[Event "CZE-chT2A 1213"]
[Site "Czech Republic"]
[Date "2013.01.06"]
[Round "6.5"]
[White "Vachal, Josef"]
[Black "Satransky, Jaroslav"]
[Result "1/2-1/2"]
[WhiteElo "2178"]
[BlackElo "2224"]
[PlyCount "170"]
[EventDate "2012.10.14"]
[EventType "team-tourn"]
[EventRounds "11"]
[EventCountry "CZE"]
[SourceTitle "EXT 2015"]
[Source "ChessBase"]
[SourceDate "2014.11.20"]
[SourceVersion "1"]
[SourceVersionDate "2014.11.20"]
[SourceQuality "1"]
[WhiteTeam "Kozolupy"]
[BlackTeam "Kladno"]
[WhiteTeamCountry "CZE"]
[BlackTeamCountry "CZE"]

1. e4 e5 2. Nf3 Nc6 3. Bb5 Nd4 4. Nxd4 exd4 5. d3 c6 6. Bc4 Nf6 7. Bg5 Be7 8. 0-0 0-0 9. Nd2 d5 10. exd5 cxd5 11. Bxf6 Bxf6 12. Bb3 a5 13. a4 Qd6 14. Qf3 Be6 15. Rfd1 Be5 16. Nf1 g6 17. Re1 Rfe8 18. Re2 Red8 19. Rae1 Bg7 20. h3 b5 21. axb5 a4 22. Ba2 Rab8 23. c4 dxc3 24. bxc3 Bxc3 25. Rb1 a3 26. Ne3 Bb2 27. Ng4 Bxg4 28. hxg4 Rxb5 29. g3 Rc5 30. Kg2 Rd7 31. Qe3 Rc8 32. d4 Qf6 33. Rd1 Rdd8 34. Qe5 Kg7 35. g5 Qxe5 36. Rxe5 Rc2 37. Bb3 Rc3 38. Bxd5 Rxd5 39. Rxd5 a2 40. Ra5 a1Q 41. Rdxa1 Bxa1 42. Rxa1 Rd3 43. Ra4 h6 44. gxh6+ Kxh6 45. f3 Rd2+ 46. Kh3 Kg5 47. Ra7 Rxd4 48. Rxf7 Ra4 49. Rh7 Ra1 50. f4+ Kf6 51. Rb7 Ra5 52. Kh4 Ra4 53. Kg4 Ra6 54. Rb3 Rc6 55. Kh4 Ra6 56. g4 Ra7 57. Rb5 Rh7+ 58. Kg3 Ra7 59. Rb6+ Kg7 60. Kf3 Ra4 61. Rb7+ Kg8 62. g5 Rc4 63. Ke3 Ra4 64. Rd7 Kf8 65. Rd4 Ra7 66. Rd6 Kf7 67. Kd4 Ra4+ 68. Ke5 Ra5+ 69. Rd5 Ra7 70. Rc5 Rb7 71. Rc6 Re7+ 72. Kd5 Rd7+ 73. Rd6 Ra7 74. Kc6 Ra6+ 75. Kc5 Ra7 76. Rf6+ Kg7 77. Kb6 Ra4 78. Kc5 Ra5+ 79. Kd4 Ra4+ 80. Ke5 Ra5+ 81. Ke4 Ra4+ 82. Kf3 Ra3+ 83. Kg4 Ra4 84. Rb6 Rc4 85. Rb7+ Kf8 1/2-1/2